Responses for Show #5686 - Monday, May 4, 2009

2009 College Championship quarterfinal game 1.

Contestants

[<< previous game]

Mark Petterson, a senior from the University of Kansas

Laura Myers, a senior from the University of Missouri

Jennifer Duann, a senior from the Ohio State University

[next game >>]

Jeopardy! Round responses

NAME THE WORK
HEISMAN WINNERS
I WANT TO RIDE THAT!
A HORSE IS A HORSE
THE FORTUNE 500
(Alex: ...according to the just-released version of the annual rankings.)
RHYMES WITH TRACK
    $200 19
Don Quixote

Mark
    $200 2
the University of Southern California

Laura
    $200 7
Pittsburgh

Jennifer
    $200 1
Pegasus

Laura
    $200 14
AIG

Laura
    $200 23
stack

Jennifer
    $400 20
Around the World in Eighty Days

Laura
    $400 3
Tim Tebow

Mark
    $400 12
Vienna

Mark
    $400 8
Custer

Mark
    $400 15
GM (General Motors)

Laura
    $400 24
a sack

Laura
    $1,000 21
(Laura: What is Moby Dick?)

Billy Budd

Laura
    $600 4
(Jennifer: What is the SEC?)

the Big 12

JenniferMark
    $600 13
The Dark Knight

Laura
    $600 9
Tonto

Laura
    $600 16
Google

Mark
    $600 25
a jack

Laura
    $800 22
(Jennifer: What is Call of the Wild?)
(Laura: What is White Fang?)

The Sea Wolf

JenniferLaura
Triple Stumper
    $800 5
Ohio State

Laura
    $800 28
(Mark: What is Bugs Bunny?)

Roger Rabbit

JenniferMark
    $800 10
Shadowfax

Mark
    $800 17
Bill Gates

Laura
    $800 26
quack

Triple Stumper
    $1000 30
"The Gift of the Magi"

Mark
    $1000 6
Doak Walker

Triple Stumper
    $1000 29
Paradise Island

Laura
    $1000 11
Bucephalus

Triple Stumper
    $1000 18
HP

Laura
    $1000 27
Mack

Laura

Scores at the first commercial break (after clue 15):

Jennifer Laura Mark
-$400 $3,000 $2,600

Scores at the end of the Jeopardy! Round:

Jennifer Laura Mark
-$200 $6,400 $3,600

Double Jeopardy! Round responses

WE SHALL REMAIN: GERONIMO
(Alex: That's the episode in the Native American series, which will air tonight on PBS. We highly reommend it.)
TAYLOR, SWIFT
PLANT LIFE
ART
TIME TO CONVERT
"V" IS FOR
    $400 26
a chief

Jennifer
    $400 5
Twilight

Laura
    $400 1
the grass

Mark
    $400 10
the Renaissance

Laura
    $400 15
3/4

Mark
    $400 21
vacancy

Jennifer
    $800 27
a posse

Jennifer
    $800 6
How the Grinch Stole Christmas

Laura
    $800 2
needles

Jennifer
    $800 11
van Gogh

Laura
    $800 16
2009

Laura
    $800 22
Valencia

Laura
    $1200 28
Teddy Roosevelt

Jennifer
    $1200 7
Wolverine

Mark
    $1200 3
moss

Jennifer
    $4,000 12
Jackson Pollock

Laura
    $1200 17
a milligram

Mark
    $1200 23
vermicelli

Jennifer
    $1600 29
Apache

Triple Stumper
    $1600 8
Taylor Hicks

Laura
    $1600 4
pad

Laura
    $1600 13
the vanishing point

Laura
    $1600 18
(Laura: What is a gallon?)

a quart

JenniferLaura
    $1600 24
volcano

Triple Stumper
    $2000 30
a medicine man

Jennifer
    $2000 9
Owen Wilson

Laura
    $2000 19
a desert

Mark
    $2000 14
Édouard Manet

Triple Stumper
    $2,200 20
(Mark: What is zero degrees?)
(Alex: No, it is the only time they are both exactly the same.)

-40

Mark
    $2000 25
(Jennifer: What is vernacular?)

Vulgar

JenniferMark

Scores at the end of the Double Jeopardy! Round:

Jennifer Laura Mark
$7,400 $19,600 $8,600
(lock game)

Final Jeopardy! Round responses

THE 50 STATES
JenniferWhat is Illinois?
$7,000
MarkWhat is Arkansas?
$7,600
LauraWhat is Arkansas?
$2,000
Arkansas

Final scores:

Jennifer Laura Mark
$400 $21,600 $16,200
3rd place: $5,000 if eliminated Automatic semifinalist 2nd place: $5,000 if eliminated

Game dynamics:

Coryat scores:

Jennifer Laura Mark
$7,400 $17,800 $10,800
12 R,
3 W
25 R
(including 1 DD),
3 W
(including 1 DD)
14 R,
2 W
(including 1 DD)

Combined Coryat: $36,000

[game clues] [game scores] [suggest correction]

Game tape date: 2009-04-14
The J! Archive is created by fans, for fans. Scraping, republication, monetization, and malicious use prohibited; this site may use cookies and collect identifying information. See terms. The Jeopardy! game show and all elements thereof, including but not limited to copyright and trademark thereto, are the property of Jeopardy Productions, Inc. and are protected under law. This website is not affiliated with, sponsored by, or operated by Jeopardy Productions, Inc. Join the discussion at JBoard.tv.